Path integrals in physics /

Guardado en:
Autor Principal: Chaichian, M. 1941-
Otros Autores: Demichev, A.P.
Formato: Libro
Idioma:English
Publicado: Bristol : Institute of Physics Publishing, c2001.
Series:Series in mathematical and computational physics
Etiquetas: Agregar Etiqueta
Sin Etiquetas, Sea el primero en etiquetar este registro!
LEADER 01143nam a22002655a 4500
001 MAT.inmabb004056
008 061003s2001####xxka#####b####000#0#eng#d
005 20130313130212.0
245 1 0 |a Path integrals in physics /  |c M. Chaichian and A. Demichev. 
260 |a Bristol :  |b Institute of Physics Publishing,  |c c2001. 
300 |a 2 v. :  |b il. ;  |c 26 cm. 
440 0 |a Series in mathematical and computational physics 
504 |a Bibliografía: v.1, p. [328]-332. V.2, p [332]-336. 
505 0 |a v.1. Stochastic processes and quantum mechanics -- v.2. Quantum field theory, statistical physics and other modern applications. 
510 4 |a MR,  |c 2002k:81129  |3 (v.1) 
510 4 |a MR,  |c 2002k:81130  |3 (v.2) 
020 |a 075030801X (v.1) 
020 |a 0750308028 (v.2) 
020 |a 0750307137 (set) 
100 1 |a Chaichian, M.  |q (Masud),  |d 1941- 
700 1 |a Demichev, A.P.  |q (Andrei Pavlovich) 
084 |a 81S40 (58D30 60-02 60H05 60J65 81-02)  |2 msc2000  |b v.1 
084 |a 81S40 (58D30 60-02 60K35 81T13 81T30 82-02 82B20)  |2 msc2000  |b v.2 
859 |h 81  |i C434  |p A-8340  |v 1  |3 Vol. 1  |b BIB. MATEMATICA 
859 |h 81  |i C434  |p A-8341  |v 2  |3 Vol. 2  |b BIB. MATEMATICA